Frontiers in Space /

I tiakina i:
Ngā taipitopito rārangi puna kōrero
Kaituhi matua: Bleiler, Everett F. (edición)
Ētahi atu kaituhi: Dikty, T.E. (edición) (edición)
Hōputu: Pukapuka
Reo:Ingarihi
I whakaputaina: Nueva York, EUA : Bantam Books, 1955, c1953
Ngā Tūtohu: Tāpirihia he Tūtohu
Kāore He Tūtohu, Me noho koe te mea tuatahi ki te tūtohu i tēnei pūkete!

MARC

LEADER 00000nam^a2200000^a^4500
001 000581258
005 20250521000000.0
009 20260310132606.831
037 |a Acervo ITESO - Biblioteca 
041 |a ING 
091 |a FAW. 00606 
100 |a Bleiler, Everett F.  |e (edición) 
245 1 0 |a Frontiers in Space / 
264 4 |a Nueva York, EUA :  |b Bantam Books,  |c 1955, c1953 
300 |a 166 p. 
336 |a texto  |b txt  |2 rdacontenido 
337 |a sin mediación  |b n  |2 rdamedio 
338 |a volumen  |b nc  |2 rdasoporte 
649 |a XX 
700 |a Dikty, T.E.  |e (edición) 
910 |a Fondo Adolfo J. Wriedt Kentzler 
920 |a Impresos - Libros 
930 |a Fondos Especiales 
940 |a Literatura 
905 |a 128 
901 |a 0500411026  |b IT2  |c ESP  |i D84483  |u 20250521 
902 |a https://opac.biblio.iteso.mx/vufind/Record/000581258